Opatovce nad Nitrou : dedina pod ochranou jednorožca /

Uložené v:
Podrobná bibliografia
Hlavní autori: Bartuš, Dušan (Author), Géczyová, Iveta (Author, Compiler), Grešner, Lukáš (Author, Compiler, Photographer)
Médium: Kniha
Jazyk:Slovak
Vydané: Prievidza : Patria I., 2013.
Vydanie:[1. vyd.]
Témy:
ISBN: 9788097147693 (viaz.)
Fyzický popis: 275 s. : erby, faksmil., fotogr., portréty ; 30 cm.
Tagy: Pridať tag
Žiadne tagy, Buďte prvý kto otaguje tento záznam!

MARC

LEADER 00000nam a2200000 a 4500
001 000444321
005 20140321104149.0
008 131108s2013 xo chioe 000 0 slo d
020 |a 9788097147693 (viaz.) 
040 |a SVKKK  |b slo  |c SVKKK  |e AACR2 
041 0 |a slo  |b eng 
043 |a e-xo--- 
044 |a xo  |c SK 
072 7 |a 908(437)  |x Vlastiveda Česka a Slovenska  |2 konspekt 
080 |a 908(437.6)  |2 2001 
080 |a 94(437.6)  |2 2001 
080 |a (048.8)  |2 2001 
245 0 0 |a Opatovce nad Nitrou :  |b dedina pod ochranou jednorožca /  |c [autori textov: Dušan Bartuš ... [et al.] ; zostavovatelia: Iveta Géczyová, Lukáš Grešner ; fotografie: Lukáš Grešner]. 
250 |a [1. vyd.] 
260 |a Prievidza :  |b Patria I.,  |c 2013. 
300 |a 275 s. :  |b erby, faksmil., fotogr., portréty ;  |c 30 cm. 
366 |e 1500 výtl. 
500 |a Fotogr. na predsádkach 
504 |a Bibliografia: s. [276-279] 
546 |a Resumé angl. 
651 7 |a Opatovce nad Nitrou (Slovensko)  |x dejiny  |2 SVKKKPH 
651 7 |a Opatovce nad Nitrou (Slovensko)  |x vlastiveda  |2 SVKKKPH 
655 7 |a monografie  |2 SVKKKPH 
700 1 |a Bartuš, Dušan  |4 aut 
700 1 |a Géczyová, Iveta  |4 aut  |4 com 
700 1 |a Grešner, Lukáš  |4 aut  |4 com  |4 pht 
910 |a svkkk 
919 |a 978-80-971476-9-3 
998 |a BK 
090 |g SCKHL  |k Sklad Hlavná 10 prízemie  |a V.231052  |j 1050999  |i 2720308944  |s Absenčne